000 00900nam a2200265Ia 4500
003 OSt
005 20221005112725.0
006 a|||||r|||| 00| 0
007 ta
008 221004b |||||||| |||| 00| 0 pan d
020 _a9788182994126 (hbk)
_cINR 295.00
024 _a45115
037 _b1053, 08/02/2019, H.K. Prakashan
_cTextual
040 _aCRL
_cCRL
_bpan
041 _2pan
_apan
082 _aO153,1N32x, Q8
100 _aਸਿੰਘ, ਅਮਰਜੀਤ, ਂਚ.
245 0 _aਜੁਗੱ
260 _aਦਿੱਲੀ
_bਆਰਸੀ ਪਬਲਿFਰਗ਼ ਭਾਰਤ
_c2018
300 _a184ਪ੍ਰ0
_ccm.
650 _a ਪੰਜਾਬੀ ਕਾਵਿ
650 _aਪੰਜਾਬੀ ਸਾਹਿਤ
942 _hO153,1N32x, Q8
_cTEXL
_2cc
999 _c1025780
_d1025780